[Event "GER-chT Federal Cup (Women)"]
[White "Albayrak, Berrak"]
[Black "Kramer, Helga"]
[Site "Braunfels"]
[Round "4.2"]
[Result "1-0"]
[Date "2024.06.01"]
[WhiteElo "1851"]
[BlackElo "2092"]
[PlyCount "81"]
[EventDate "2024.05.30"]
[EventType "team-swiss"]
[EventRounds "5"]
[EventCountry "GER"]
[SourceTitle "CBM 220 Extra"]
[Source "ChessBase"]
[SourceDate "2024.07.31"]
[SourceVersion "1"]
[SourceVersionDate "2024.07.31"]
[SourceQuality "1"]
[WhiteTeam "Bayern (W) II"]
[BlackTeam "Niedersachsen (W)"]
[WhiteTeamCountry "GER"]
[BlackTeamCountry "GER"]

1. e4 d5 2. exd5 Qxd5 3. Nc3 Qd6 4. g3 e5 5. Bg2 Nf6 6. d3 a6 7. Nge2 Nc6 8. h3 Bf5 9. 0-0 0-0-0 10. Be3 Nb4 11. a3 Nbd5 12. Nxd5 Nxd5 13. Bd2 Qd7 14. Kh2 h5 15. Nc3 Nxc3 16. Bxc3 f6 17. Qf3 c6 18. Qe3 Kb8 19. b4 Bd6 20. Rfd1 Rde8 21. a4 Re7 22. b5 cxb5 23. axb5 Qxb5 24. Rdb1 Bc5 25. Qf3 Bg4 26. Qd5 Be6 27. Rxb5 Bxd5 28. Rxc5 Bxg2 29. Kxg2 b6 30. Rc4 b5 31. Rc6 Rc8 32. Rxc8+ Kxc8 33. Rxa6 Kb7 34. Ra2 Rc7 35. Bb4 Kc6 36. Ra6+ Kb7 37. Ra2 Kc6 38. c3 Rd7 39. Ra6+ Kb7 40. Rd6 Rc7 41. Re6 1-0

[Event "GER-ch U25-A"]
[White "Goldinov, Daniel"]
[Black "Albayrak, Berrak"]
[Site "Willingen"]
[Round "5"]
[Result "1-0"]
[Date "2023.05.31"]
[WhiteElo "1880"]
[BlackElo "1664"]
[PlyCount "127"]
[EventDate "2023.05.27"]
[EventType "swiss"]
[EventRounds "9"]
[EventCountry "GER"]
[SourceTitle "CBM 214 Extra"]
[Source "ChessBase"]
[SourceDate "2023.07.31"]
[SourceVersion "1"]
[SourceVersionDate "2023.07.31"]
[SourceQuality "1"]

1. d4 Nf6 2. Bg5 g6 3. Bxf6 exf6 4. e3 Bg7 5. g3 0-0 6. Bg2 d6 7. Ne2 f5 8. 0-0 Nd7 9. c4 Re8 10. Nbc3 c6 11. Qd3 Nf6 12. Rfd1 Qe7 13. a3 Bd7 14. b4 Ne4 15. Rab1 Rad8 16. d5 Bc8 17. Re1 Qe5 18. Rb3 g5 19. f3 Nf6 20. Nd4 f4 21. dxc6 d5 22. c5 h5 23. cxb7 Bxb7 24. gxf4 gxf4 25. Re2 fxe3 26. Bh3 Ng4 27. fxg4 Qxd4 28. Qxd4 Bxd4 29. Nb5 Bg7 30. Nd6 Rxd6 31. cxd6 d4 32. Bg2 Bc8 33. Bc6 Rd8 34. d7 Bxd7 35. Bxd7 Rxd7 36. Rd3 Re7 37. gxh5 Re5 38. h6 Bf6 39. Rg2+ Kh7 40. Kf1 Rf5+ 41. Ke2 Kxh6 42. Rd1 Rd5 43. Kd3 Rd6 44. Rf1 Re6 45. Rf3 Kh5 46. Rf5+ Kh4 47. b5 Kh3 48. Rb2 Kg4 49. Rf1 Be7 50. Rxf7 Bxa3 51. Rg2+ Kh3 52. Rg3+ Kxh2 53. Rg8 Rh6 54. Rxa7 Bc5 55. Rc7 Bd6 56. Rcg7 Be5 57. Rg6 Rh4 58. b6 Rh7 59. b7 Bc7 60. b8Q Bxb8 61. Rxb8 Rh4 62. Rd8 Re4 63. Rh8+ Rh4 64. Rxh4# 1-0

[Event "BL2 Sued 2223 (Women)"]
[White "Albayrak, Berrak"]
[Black "Kobald, Jacqueline"]
[Site "Germany"]
[Round "2.3"]
[Result "1-0"]
[Date "2022.10.16"]
[WhiteElo "1626"]
[BlackElo "1996"]
[PlyCount "83"]
[EventDate "2022.10.15"]
[EventType "team-tourn"]
[EventRounds "7"]
[EventCountry "GER"]
[SourceTitle "EXT 2025"]
[Source "ChessBase"]
[SourceDate "2024.10.14"]
[SourceVersion "1"]
[SourceVersionDate "2024.10.14"]
[SourceQuality "1"]
[WhiteTeam "Nuernberg NT (W)"]
[BlackTeam "Stuttgart Wolfbusch (W)"]
[WhiteTeamCountry "GER"]
[BlackTeamCountry "GER"]

1. e4 c5 2. Nf3 e6 3. d3 Nc6 4. g3 d6 5. Bg2 g6 6. Nbd2 Bg7 7. 0-0 Nge7 8. Re1 0-0 9. h4 h6 10. c3 Rb8 11. a4 a6 12. Nf1 d5 13. e5 d4 14. cxd4 Nxd4 15. Nxd4 cxd4 16. h5 g5 17. f4 gxf4 18. Bxf4 Nd5 19. Bd2 b5 20. Qg4 Kh8 21. Qxd4 Nb6 22. Qxd8 Rxd8 23. axb5 axb5 24. Ba5 Bd7 25. Nh2 f6 26. exf6 Bxf6 27. Bc3 Bxc3 28. bxc3 Rbc8 29. Rac1 Rc5 30. c4 bxc4 31. dxc4 Rdc8 32. Bh3 Nxc4 33. Bxe6 Nb6 34. Rxc5 Rxc5 35. Bxd7 Nxd7 36. Re8+ Kg7 37. Re7+ Kf6 38. Rxd7 Rxh5 39. Rd6+ Kg7 40. Kg2 Kh7 41. Ng4 Kg7 42. Rc6 1-0

[Event "GER-chT Federal Cup (Women)"]
[White "Mueller, Riyanna"]
[Black "Albayrak, Berrak"]
[Site "Braunfels"]
[Round "5.38"]
[Result "0-1"]
[Date "2022.06.19"]
[WhiteElo "1521"]
[BlackElo "1569"]
[PlyCount "62"]
[EventDate "2022.06.15"]
[EventType "team-swiss"]
[EventRounds "5"]
[EventCountry "GER"]
[SourceTitle "EXT 2023"]
[Source "ChessBase"]
[SourceDate "2022.10.05"]
[SourceVersion "1"]
[SourceVersionDate "2022.10.05"]
[SourceQuality "1"]

1. e4 d6 2. d4 Nf6 3. Nc3 g6 4. Nf3 Bg7 5. Be3 0-0 6. Qd2 Re8 7. Bh6 Bh8 8. 0-0-0 c6 9. h4 b5 10. Bd3 e5 11. d5 b4 12. Ne2 cxd5 13. Bb5 Bd7 14. Bxd7 Qxd7 15. exd5 Qa4 16. Kb1 Rc8 17. Ne1 Na6 18. h5 Rc7 19. hxg6 fxg6 20. f4 Rac8 21. fxe5 Ne4 22. Qf4 Rxc2 23. Rf1 Rxb2+ 24. Kxb2 Bxe5+ 25. Qxe5 dxe5 26. Rd3 Nd6 27. Ng3 e4 28. Nxe4 Nxe4 29. Rdf3 Qe8 30. Nd3 Nac5 31. Ne5 Qxe5+ 0-1

[Event "GER-ch U18 Girls"]
[White "Minneken, Swantje"]
[Black "Albayrak, Berrak"]
[Site "Willingen"]
[Round "6"]
[Result "0-1"]
[Date "2020.10.23"]
[WhiteElo "1322"]
[BlackElo "1433"]
[PlyCount "58"]
[EventDate "2020.10.19"]
[EventType "swiss"]
[EventRounds "7"]
[EventCountry "GER"]
[SourceTitle "EXT 2022"]
[Source "ChessBase"]
[SourceDate "2021.10.06"]
[SourceVersion "1"]
[SourceVersionDate "2021.10.06"]
[SourceQuality "1"]

1. Nf3 d6 2. d4 Nf6 3. c4 g6 4. Nc3 Bf5 5. Ng5 Bg7 6. e4 Bc8 7. Be2 0-0 8. 0-0 h6 9. Nf3 b6 10. Be3 c5 11. d5 Bb7 12. Qc1 Kh7 13. h3 Na6 14. a3 Nc7 15. Nh2 e6 16. f4 exd5 17. exd5 Qd7 18. Bd3 Rae8 19. f5 b5 20. b3 Re7 21. Ng4 Nxg4 22. hxg4 Rxe3 23. fxg6+ Kh8 24. Bf5 Qe7 25. Rf3 Bxc3 26. Rxe3 Bd4 27. Kf2 Re8 28. Qh1 Qxe3+ 29. Kf1 Qf2# 0-1

[Event "GER-ch U18 Girls"]
[White "Albayrak, Berrak"]
[Black "Geletzke, Hannah"]
[Site "Willingen"]
[Round "2"]
[Result "1/2-1/2"]
[Date "2020.10.21"]
[WhiteElo "1433"]
[BlackElo "1624"]
[PlyCount "71"]
[EventDate "2020.10.19"]
[EventType "swiss"]
[EventRounds "7"]
[EventCountry "GER"]
[SourceTitle "EXT 2022"]
[Source "ChessBase"]
[SourceDate "2021.10.06"]
[SourceVersion "1"]
[SourceVersionDate "2021.10.06"]
[SourceQuality "1"]

1. e4 c5 2. Nc3 d6 3. g3 Nc6 4. Bg2 g6 5. d3 Bg7 6. Be3 Nd4 7. Qd2 e6 8. Nd1 Rb8 9. c3 Nc6 10. Ne2 b5 11. 0-0 Nge7 12. Bh6 0-0 13. Bxg7 Kxg7 14. f4 Ba6 15. f5 exf5 16. exf5 gxf5 17. Qg5+ Ng6 18. Qxd8 Nxd8 19. Rxf5 Bc8 20. Rf2 Re8 21. Nf4 Re1+ 22. Rf1 Rxf1+ 23. Kxf1 Nxf4 24. gxf4 Ne6 25. Ne3 Nxf4 26. Be4 Bh3+ 27. Kf2 Ng6 28. Bf5 Bxf5 29. Nxf5+ Kf8 30. Nxd6 Ne5 31. d4 cxd4 32. cxd4 Nc4 33. Nxc4 bxc4 34. b3 cxb3 35. axb3 Rxb3 36. Rxa7 1/2-1/2

[Event "Nuremberg op"]
[White "Albayrak, Berrak"]
[Black "Muskat, Gunter"]
[Site "Nuremberg"]
[Round "5"]
[Result "0-1"]
[Date "2019.11.17"]
[WhiteElo "1625"]
[BlackElo "1949"]
[PlyCount "74"]
[EventDate "2019.11.15"]
[EventType "swiss"]
[EventRounds "5"]
[EventCountry "GER"]
[SourceTitle "CBM 193 Extra"]
[Source "ChessBase"]
[SourceDate "2020.01.31"]
[SourceVersion "1"]
[SourceVersionDate "2020.01.31"]
[SourceQuality "1"]

1. e4 e5 2. Nf3 Nc6 3. Bc4 Bc5 4. d3 Nf6 5. 0-0 d6 6. c3 a6 7. Be3 Bxe3 8. fxe3 Na5 9. Nbd2 Nxc4 10. Nxc4 0-0 11. a4 Be6 12. Ncd2 c6 13. Qc2 Ng4 14. Rae1 Qe7 15. h3 Nh6 16. Qd1 Kh8 17. Qe2 Rg8 18. Qf2 g5 19. Nh2 Rg6 20. g4 Rf8 21. Qg2 Qd7 22. Rf2 Ng8 23. Nhf1 h5 24. gxh5 Bxh3 25. Qg3 Rg7 26. Rh2 g4 27. Rf2 f5 28. Ree2 Nh6 29. Nc4 b5 30. axb5 axb5 31. Na3 Qe7 32. Nd2 Qg5 33. d4 f4 34. exf4 exf4 35. Qd3 Qxh5 36. e5 g3 37. Rf3 Bf5 0-1

[Event "GER-ch U25-B"]
[White "Brunauer, Simon"]
[Black "Albayrak, Berrak"]
[Site "Willingen"]
[Round "6"]
[Result "1-0"]
[Date "2019.06.12"]
[WhiteElo "1607"]
[BlackElo "1491"]
[PlyCount "107"]
[EventDate "2019.06.08"]
[EventType "swiss"]
[EventRounds "9"]
[EventCountry "GER"]
[SourceTitle "CBM 191 Extra"]
[Source "ChessBase"]
[SourceDate "2019.09.30"]
[SourceVersion "1"]
[SourceVersionDate "2019.09.30"]
[SourceQuality "1"]

1. e4 d6 2. d4 Nf6 3. Nc3 g6 4. g3 Bg7 5. Bg2 c6 6. Bf4 Nbd7 7. Nf3 Qc7 8. 0-0 0-0 9. Re1 e5 10. Be3 Re8 11. Qd2 Nb6 12. b3 Ng4 13. Rad1 Nxe3 14. Qxe3 exd4 15. Nxd4 d5 16. Qd3 dxe4 17. Rxe4 Rxe4 18. Nxe4 Bd7 19. Nc5 Re8 20. Nxd7 Qxd7 21. Nf3 Qxd3 22. Rxd3 Nd5 23. Ng5 Re1+ 24. Bf1 h6 25. Nf3 Re7 26. Rd2 Nc3 27. a4 a6 28. Rd8+ Kh7 29. h4 Nd5 30. Bc4 Nb4 31. Bd3 Bf6 32. Rd6 Kg7 33. Kg2 Nd5 34. Bc4 Be5 35. Nxe5 Rxe5 36. Bxd5 Rxd5 37. Rxd5 cxd5 38. Kf3 Kf6 39. Kf4 Ke6 40. g4 f6 41. c4 dxc4 42. bxc4 b6 43. Ke4 Kd6 44. f4 Kc5 45. Kd3 Kb4 46. g5 fxg5 47. h5 gxh5 48. f5 Kc5 49. a5 b5 50. cxb5 Kxb5 51. f6 g4 52. f7 g3 53. f8Q h4 54. Qxh6 1-0

[Event "GER-ch U25-B"]
[White "Richter, Tim"]
[Black "Albayrak, Berrak"]
[Site "Willingen"]
[Round "2"]
[Result "0-1"]
[Date "2019.06.09"]
[WhiteElo "1473"]
[BlackElo "1491"]
[PlyCount "110"]
[EventDate "2019.06.08"]
[EventType "swiss"]
[EventRounds "9"]
[EventCountry "GER"]
[SourceTitle "CBM 191 Extra"]
[Source "ChessBase"]
[SourceDate "2019.09.30"]
[SourceVersion "1"]
[SourceVersionDate "2019.09.30"]
[SourceQuality "1"]

1. d4 d5 2. Bf4 c6 3. Nf3 Nf6 4. e3 Nbd7 5. h3 e6 6. Bd3 c5 7. c3 Be7 8. Nbd2 h6 9. Bh2 Qb6 10. Qb3 Qxb3 11. axb3 0-0 12. 0-0 Nb6 13. c4 cxd4 14. exd4 dxc4 15. bxc4 Bd7 16. Ne5 Rfc8 17. c5 Nbd5 18. Nxd7 Nxd7 19. Nc4 N7f6 20. Nd6 Bxd6 21. Bxd6 Ne8 22. Bh2 a6 23. Bc4 Rd8 24. Rfd1 Nb4 25. Ra3 Nc6 26. Rad3 Nf6 27. Be5 Nd5 28. Bd6 Ndb4 29. R3d2 Na5 30. Bf1 Rd7 31. b3 Rad8 32. Bc4 Nxc4 33. bxc4 Nc6 34. d5 exd5 35. cxd5 Na5 36. Be5 Nc4 37. Re2 Rxd5 38. Rxd5 Rxd5 39. Bd6 Nxd6 40. cxd6 Rxd6 41. Rb2 b5 42. Kf1 Kf8 43. Rb4 Ke7 44. Ke2 Kd7 45. Ke3 Kc6 46. f4 a5 47. Rb3 b4 48. g4 Kc5 49. h4 a4 50. Rb1 Rd7 51. Rc1+ Kb5 52. f5 b3 53. f6 g6 54. g5 h5 55. Rc3 b2 0-1